| 000 | 00354pam a2200157a 44500 | ||
|---|---|---|---|
| 008 | 230515b1993 xxu||||| |||| 00| 0 eng d | ||
| 020 | _aNULL | ||
| 041 | _aENGLISH | ||
| 082 | _a630 | ||
| 100 | _aKHEDKAR S K | ||
| 245 | _aMECHAN IAL MEASUREMENT & CONTROL | ||
| 250 | _a2 | ||
| 260 |
_aDELHI _bPENGUIN BOOKS _c1993 |
||
| 300 | _a211 | ||
| 650 | _aNULL | ||
| 999 |
_c651435 _d651435 |
||